| 000 | 01146cam a2200313 4500 | ||
|---|---|---|---|
| 001 | A366 | ||
| 008 | 090401t1993 xxu||||| |||| 00| 0 eng d | ||
| 035 | _a(Sirsi) u95401 | ||
| 041 | _aeng | ||
| 110 |
_aRoyal Institution of Chartered Surveyors _94900 |
||
| 245 | _aVacant urban land - its ownership and value. Unlocking the potential | ||
| 260 |
_bRICS _c1993 |
||
| 300 | _a7p | ||
| 350 | _a0 | ||
| 490 |
_aRICS Memorandum _vGCPPA/Report (93) 18 |
||
| 520 | _aA paper by the RICS addressing the issues facing the Urban Regeneration Agency in tackling the problem of vacant and under-used urban land. The question of ownership and value will be important to the Agency as it formulates its policies. | ||
| 650 | _aCOMPENSATION | ||
| 650 |
_aCompulsory purchase _96228 |
||
| 650 | _aDERELICT LAND | ||
| 650 | _aLAND ASSEMBLY | ||
| 650 | _aRESIDUAL VALUATION | ||
| 650 | _aURBAN REGENERATION | ||
| 650 | _aVACANT LAND | ||
| 650 |
_aValuation _96273 |
||
| 690 | _aENVIRONMENTAL AND LAND CONSULTANCY-PLANNING AND DEVELOPMENT-COMPULSORY PURCHASE AND COMPENSATION | ||
| 690 | _aURBAN RENEWAL | ||
| 942 | _n0 | ||
| 948 | _c04/03/1997 | ||
| 999 |
_c98482 _d98482 |
||